000 00326nam a22001457a 4500
003 SGT
020 _a9789353337827
082 _a324.254
_bB20G
100 _aGUPTA, SHANTANU
245 _aBHARTIYA JANTA PARTY
260 _aINDIA
_bRUPA PUB.
_c2020
300 _a408
650 _aINDIAN POLITICAL PARTIES
942 _2ddc
_cBK
999 _c26239
_d26239